Fragata Lautaro: novela

Salvato in:
Dettagli Bibliografici
Autore principale: Flores V., Julio (Autore)
Natura: Libro
Lingua:spagnolo
Pubblicazione: Santiago Neupert 1966
Soggetti:
Tags: Aggiungi Tag
Nessun Tag, puoi essere il primo ad aggiungerne!!

MARC

LEADER 00000nam a2200000 a 4500
001 UCZ6191
003 CL-VaPUC
008 951205e19660000CL |||||||||||||||||spa|d
082 0 4 |a Ch863  |b FLO  |2 21 
100 0 |a Flores V., Julio  |e author  |9 350413 
245 1 0 |a Fragata Lautaro: novela 
300 |a 200 p 
942 |c BK 
945 |d 19951205 00:00:00  |a rleighto 
260 |a Santiago  |b Neupert  |c 1966 
650 0 |a Novelas chilenas   |9 265425 
583 |a last modification  |c 19951205 00:00:00  |k Rodrigo Vera 
999 |c 242438  |d 242436 
952 |0 0  |1 0  |4 0  |6 CH_863_000000000000000_FLO_1966  |7 0  |8 A  |9 255411  |a BIBEDU  |b BIBEDU  |d 2019-11-19  |i 3157539  |o Ch863 FLO 1966  |p 3157539  |r 2019-11-19  |w 2019-11-19  |y BK  |k LIT